|
|
|
แสดงรายละเอียดบรรณานุกรม |
|
|
Brief Record
: Get Marc (ISO 2709)
: E-mail record
: |
|
|
| LEADER 00000nam 2200000uu 4500 | |||
| 001 53826 | |||
| 003 ULIBM | |||
| 008 220725s||||||||th 000 0 tha d | |||
| 020 ^a9786161846558 | |||
| 082 0 ^aย^bก - ก | |||
| 100 0 ^aกอลโลดี,การ์โล | |||
| 245 00 ^aThe Adventures of Pinocchio=^bการผจญภัยของปีน็อกกีโอ/^cการ์โล กอลโลดี | |||
| 250 ^aพิมพ์ครั้งที่ 1 | |||
| 260 ^aกรุงเทพฯ:^bแพรว เยาวชน,^c2565 | |||
| 300 ^a226 หน้า:^bภาพประกอบ 225 บาท | |||
| 541 ^a225 บาท | |||
| 700 0 ^aลลิตา ผลผลา,^eผู้แปล | |||
| 999 ^ananthaya | |||
| คุณยังไม่ได้ล็อกอิน คุณสามารถมีกิจกรรมร่วมกับเว็บไซต์ได้ แต่ต้องล็อกอินก่อน :: |
|
| สถานะ | |||||||||
| 1. | หนังสือ | ย ก - ก Barcode: 084952 | ►หนังสือเยาวชน | On Shelf ขอยืม | |||||
| [แสดง 1/1 รายการ] | |||||||||

BibComment |
| คอมเมนท์ทรัพยากรรายการนี้ |
|
|
ห้องสมุดโรงเรียนสามัคคีวิทยาคม
159 ถ.บรรพปราการ ต.เวียง อ.เมือง จ.เชียงราย 57000
โทร. 053-711018 โทรสาร 053-713003